Statistics for Most Populous Country Sub-Divisions

Click here to take the quiz!

General Stats

  • This quiz has been taken 44 times
  • The average score is 19 of 20

Answer Stats

MOST POPULOUS SUB-DIVISIONTYPECOUNTRY% Correct
New South WalesStateAustralia
100%
São PauloStateBrazil
100%
OntarioProvinceCanada
100%
CairoGovernorateEgypt
100%
North Rhine-WestphaliaStateGermany
100%
Uttar PradeshStateIndia
100%
West JavaProvinceIndonesia
100%
TokyoPrefectureJapan
100%
PunjabProvincePakistan
100%
MoscowFederal CityRussia
100%
EnglandCountryUnited Kingdom
100%
CaliforniaStateUnited States
100%
Buenos AiresProvinceArgentina
98%
GuangdongProvinceChina
98%
LombardyRegionItaly
98%
LagosStateNigeria
98%
Metro ManilaRegionPhilippines
98%
AndalusiaAutonomous RegionSpain
95%
GyeonggiProvinceSouth Korea
90%
GautengProvinceSouth Africa
56%

Score Distribution

Percentile by Number Answered

Percent of People with Each Score

Your Score History

You have not taken this quiz